ZTM Gdańsk - 186 - Statystyki

Ogólne statystyki
  • Ten quiz został rozwiązany 9 razy
    7 od ostatniego zresetowania
  • Średni wynik to 27 z 33
Statystyki odpowiedzi
Miejscowość Ulica Przystanek % Poprawnych
Gdańsk Podwale Przedmiejskie Akademia Muzyczna
100%
Gdańsk Benzynowa Benzynowa
100%
Gdańsk Wały Jagiellońskie Brama Wyżynna
100%
Gdańsk Podwale Przedmiejskie Brama Żuławska
100%
Gdańsk Podwale Przedmiejskie Chmielna
100%
Gdańsk Podwale Grodzkie Dworzec Główny
100%
Przejazdowo Główna Makro
100%
Przejazdowo Benzynowa Makro
100%
Gdańsk Elbląska Miałki Szlak
100%
Gdańsk Benzynowa Oczyszczalnia
100%
Gdańsk Wały Piastowskie Plac Solidarności
100%
Gdańsk Turystyczna Sobieszewo
100%
Gdańsk Armii Krajowej Śródmieście SKM
100%
Gdańsk Elbląska Tarcice
100%
Gdańsk Elbląska Węzeł Elbląska
100%
Gdańsk Podwale Przedmiejskie Żabi Kruk
100%
Gdańsk Elbląska Błonia
80%
Gdańsk Nadwiślańska Górki Wschodnie
80%
Gdańsk Elbląska Mostek
80%
Gdańsk Nadwiślańska Nadwiślańska
80%
Gdańsk Nadwiślańska Ornitologów
80%
Wiślinka Sobieszewska Piaskowa
80%
Gdańsk Płońska Płońska
80%
Wiślinka Wałowa Sportowa
80%
Gdańsk Nadwiślańska Tęczowa
80%
Gdańsk Nadwiślańska Jodowa
60%
Gdańsk Elbląska Michałki
60%
Gdańsk Benzynowa Naftowa
60%
Gdańsk Elbląska Rafineria
60%
Gdańsk Nadwiślańska Sobieszewska
60%
Wiślinka Wałowa Pocztowa
40%
Gdańsk Płońska Zagroble
40%
Wiślinka Wałowa Brzegowa
20%
Nie znaleziono quizów pasujących do podanych kryteriów
Rozkład punktacji
Procent ludzi z każdym wynikiem
Percentyl według liczby udzielonych odpowiedzi
Twoja historia wyników
Nie rozwiązałeś tego quizu od ostatniego zresetowania